000 00747nam a2200241 a 4500
001 000038373
005 20201002031236.0
008 130409s1992 dr ab 000 0 spa d
040 _aDO-SdBNP
_bspa
_cBNPHU
041 1 7 _2eng
082 _a972.93
_bR776d, 1992
100 1 _aRood, Carlton Alexander
_949051
245 1 0 _aA dominican chronicle /
_cCarlton Alexander Rood.
246 2 3 _aHistory of Hispaniola/Dominican Republic
250 _a5a. ed.
260 _aSanto Domingo :
_bTaller,
_c1992.
300 _a210 p. :
_bil., mapa ;
_c24 cm.
504 _aBibliografía: p. 205-206.
546 _aInglés
590 _aInventariado, 2020/BT
651 4 _aRepública Dominicana
_xHistoria
_9170
910 _aValidado. Control de calidad EMS.
999 _c37863
_d37863